| 000 | 00349nam a2200133Ia 4500 | ||
|---|---|---|---|
| 008 | 240624s9999 xx 000 0 und d | ||
| 041 | _aeng | ||
| 082 | _a658.1552 RUB | ||
| 100 | _aRUBIN PAUL H | ||
| 245 | _aMANAGING BUSINESS TRANSACTIONS CONTROLLI | ||
| 260 |
_c1993 _aNew York _bFree Press |
||
| 300 | _axx, : 181 : p. : cm. ; 23 | ||
| 365 |
_c _b50 |
||
| 999 |
_c27192 _d27192 |
||